Finančné ciele podniku

Význam stanovenia cieľov podnikania pre efektívne riadenie podniku. Formulácia základných cieľov podnikania. Stanovenie maximalizácie zisku alebo maximalizácie trhovej hodnoty. Prehľad finančných cieľov podniku: solventnosť, likvidita, rentabilita, finančná stabilita. Činnosti, ktoré sú významné v p...

Full description

Saved in:
Bibliographic Details
Main Author: Daniel, Peter
Other Authors: Krištofík, Peter
Format: Book Chapter
Language:Slovak
Subjects:
Tags: Add Tag
No Tags, Be the first to tag this record!

MARC

LEADER 00000naa a2200000 4500
001 r030678
005 20230919081050.9
041 0 |a slo 
044 |a SK 
245 1 0 |a Finančné ciele podniku  |c Peter Daniel, Peter Krištofík 
520 |a Význam stanovenia cieľov podnikania pre efektívne riadenie podniku. Formulácia základných cieľov podnikania. Stanovenie maximalizácie zisku alebo maximalizácie trhovej hodnoty. Prehľad finančných cieľov podniku: solventnosť, likvidita, rentabilita, finančná stabilita. Činnosti, ktoré sú významné v práci finančného manažéra pre dosiahnutie uspokojivého plnenia finančných cieľov podniku. 
610 2 0 |a ciele podnikové 
610 2 0 |a ciele riadenia 
610 2 0 |a manažment finančný 
610 2 0 |a zisk 
610 2 0 |a solventnosť 
610 2 0 |a likvidita 
610 2 0 |a rentabilita 
610 2 0 |a riadenie podľa cieľov 
100 1 |a Daniel, Peter 
700 1 |a Krištofík, Peter